000
00302nam a2200121Ia 4500
008
150731s2010 xx 000 0 und d
082
_a
617.7
_b
N 10 C
100
_a
CHOUDHARY RAVINDRA
245
_a
NETRA CHIKITSA VIGYAN
260
_b
CHAUKHAMBHA PUB. NEW DELHI
_c
2010
300
_a
512
942
_2
ddc
_c
BK
999
_c
7896
_d
7896